Studi sulla nuova legislazione della chiesa

Saved in:
书目详细资料
主要作者: Herranz, Julián (Author)
格式: 图书
语言:意大利语
出版: Milán Giuffre 1990
主题:
标签: 添加标签
没有标签, 成为第一个标记此记录!

MARC

LEADER 00000nam a2200000 a 4500
001 UCV3339
003 CL-VaPUC
008 930526e19900000IT |||||||||||||||||ita|d
082 0 4 |a 262.934  |b HER  |2 21 
100 0 |a Herranz, Julián  |e author  |9 297580 
245 1 0 |a Studi sulla nuova legislazione della chiesa 
300 |a 346 p 
942 |c BK 
945 |d 19930526 00:00:00 
260 |a Milán  |b Giuffre  |c 1990 
650 0 |a Derecho eclesiástico  |9 255055 
650 7 |a DERECHO CANONICO  |2 CL-VaPUC  |9 297581 
583 |a last modification  |c 19930526 00:00:00  |k Rodrigo Vera 
999 |c 210582  |d 210580 
952 |0 0  |1 0  |4 0  |6 262_934000000000000_HER_1990  |7 0  |8 A  |9 186933  |a BIBDER  |b BIBDER  |d 2019-11-14  |i 254587K  |o 262.934 HER 1990  |p 254587K  |r 2023-01-25  |w 2019-11-14  |y BK  |k DER